[Event "70th RUS-ch Women Higher League 2020"]
[Site "Sochi"]
[Date "2020.10.11"]
[Round "4.15"]
[White "Kochukova, Anna"]
[Black "Bykova, Anastasia"]
[Result "0-1"]
[WhiteElo "2093"]
[BlackElo "2215"]
[Annotator "ChessBase"]
[PlyCount "74"]
[EventDate "2020.10.08"]
[EventType "swiss"]
[EventCountry "RUS"]
[SourceTitle "playchess.com"]
[Source "ChessBase"]
[SourceQuality "1"]
[TimeControl "40/5400+30:1800+30"]

1. e4 {[%emt 0:00:00]} c6 {[%emt 0:00:00]} 2. d4 {[%emt 0:00:00]} d5 {[%emt 0:00:00]} 3. Nc3 {[%emt 0:00:00]} dxe4 {[%emt 0:00:00]} 4. Nxe4 {[%emt 0:00:08]} Bf5 {[%emt 0:00:00]} 5. Ng3 {[%emt 0:00:13]} Bg6 {[%emt 0:00:00]} 6. Nh3 {[%emt 0:00:22]} Nf6 {[%emt 0:00:03]} 7. Nf4 {[%emt 0:00:13]} Nbd7 {[%emt 0:00:15]} 8. Bc4 {[%emt 0:00:37]} e6 {[%emt 0:09:35]} 9. O-O {[%emt 0:00:20]} Nb6 {[%emt 0:07:59]} 10. Bb3 {[%emt 0:01:19]} c5 {[%emt 0:01:21]} 11. dxc5 {[%emt 0:18:56]} Bxc5 {[%emt 0:01:51]} 12. Qf3 {[%emt 0:01:10]} Qc7 {[%emt 0:02:19]} 13. Bxe6 {[%emt 0:11:46]} fxe6 {[%emt 0:00:44]} 14. Nxe6 {[%emt 0:02:39]} Qc8 {[%emt 0:00:16]} 15. Nxg7+ {[%emt 0:10:59]} Kf7 {[%emt 0:00:14]} 16. N7h5 {[%emt 0:02:21]} Qc6 {[%emt 0:03:20]} 17. Qf4 {[%emt 0:05:23]} Nbd5 {[%emt 0:13:04]} 18. Qh4 {[%emt 0:07:04]} Be7 {[%emt 0:01:18]} 19. Nxf6 {[%emt 0:07:07]} Qxf6 {[%emt 0:07:22]} 20. Qc4 {[%emt 0:01:42]} Qc6 {[%emt 0:00:21]} 21. Qe2 {[%emt 0:04:47]} Nf6 {[%emt 0:07:47]} 22. c3 {[%emt 0:06:27]} Rad8 {[%emt 0:01:15]} 23. Re1 {[%emt 0:00:17]} Rhe8 {[%emt 0:00:31]} 24. Be3 {[%emt 0:01:39]} Bd3 {[%emt 0:01:59]} 25. Qd1 {[%emt 0:00:42]} Be4 {[%emt 0:02:25]} 26. Qb3+ {[%emt 0:00:22]} Bd5 {[%emt 0:00:47]} 27. Qc2 {[%emt 0:00:39]} Bxg2 {[%emt 0:00:30]} 28. Qf5 {[%emt 0:04:02]} Qf3 {[%emt 0:07:06]} 29. Bxa7 {[%emt 0:02:30]} Qxf5 {[%emt 0:01:24]} 30. Nxf5 {[%emt 0:00:02]} Bh3 {[%emt 0:00:26]} 31. Nxe7 {[%emt 0:04:58]} Rxe7 {[%emt 0:00:05]} 32. Rxe7+ {[%emt 0:02:17]} Kxe7 {[%emt 0:00:02]} 33. Re1+ {[%emt 0:01:45]} Kf7 {[%emt 0:00:04]} 34. Bc5 {[%emt 0:00:23]} Rg8+ {[%emt 0:01:21]} 35. Kh1 {[%emt 0:00:02]} Bg2+ {[%emt 0:00:10]} 36. Kg1 {[%emt 0:00:02]} Bd5+ {[%emt 0:00:42]} 37. Kf1 {[%emt 0:00:07]} Bc4+ {[%emt 0:00:05]} 0-1

[Event "70th RUS-ch Women Higher League 2020"]
[Site "Sochi"]
[Date "2020.10.11"]
[Round "4.16"]
[White "Miroshnik, Ekaterina"]
[Black "Komissarova, Soigina"]
[Result "1-0"]
[WhiteElo "2104"]
[BlackElo "1780"]
[Annotator "NA"]
[PlyCount "137"]
[EventDate "2020.10.08"]
[EventType "swiss"]
[EventCountry "RUS"]
[SourceTitle "playchess.com"]
[Source "ChessBase"]
[SourceQuality "1"]
[TimeControl "40/5400+30:1800+30"]

1. d4 {[%emt 0:00:00]} d5 {[%emt 0:00:00]} 2. c4 {[%emt 0:00:00]} e6 {[%emt 0:00:00]} 3. Nf3 {[%emt 0:00:00]} c6 {[%emt 0:00:04]} 4. Nbd2 {[%emt 0:00:00]} Nf6 {[%emt 0:01:40]} 5. e3 {[%emt 0:00:00]} c5 {[%emt 0:00:16]} 6. cxd5 {[%emt 0:01:56]} exd5 {[%emt 0:00:29]} 7. Bb5+ {[%emt 0:03:38]} Bd7 {[%emt 0:02:47]} 8. Be2 {[%emt 0:00:18]} Nc6 {[%emt 0:00:30]} 9. O-O {[%emt 0:00:18]} Be7 {[%emt 0:02:18]} 10. dxc5 {[%emt 0:00:19]} Bxc5 {[%emt 0:00:34]} 11. Nb3 {[%emt 0:01:47]} Bb6 {[%emt 0:01:18]} 12. Bd2 {[%emt 0:04:59]} O-O {[%emt 0:02:52]} 13. Bc3 {[%emt 0:01:32]} Be6 {[%emt 0:02:43]} 14. Rc1 {[%emt 0:08:43]} Rc8 {[%emt 0:04:49]} 15. Nbd4 {[%emt 0:13:09]} Ne4 {[%emt 0:02:16]} 16. Nxc6 {[%emt 0:01:18]} bxc6 {[%emt 0:01:02]} 17. Be5 {[%emt 0:01:26]} f6 {[%emt 0:02:52]} 18. Bg3 {[%emt 0:06:08]} Nxg3 {[%emt 0:02:41]} 19. hxg3 {[%emt 0:00:04]} c5 {[%emt 0:03:36]} 20. Ne1 {[%emt 0:02:14]} Qd6 {[%emt 0:03:00]} 21. Nd3 {[%emt 0:04:01]} Rfd8 {[%emt 0:02:03]} 22. Nf4 {[%emt 0:01:00]} Bf7 {[%emt 0:02:03]} 23. Bg4 {[%emt 0:02:49]} Rc7 {[%emt 0:01:20]} 24. Qc2 {[%emt 0:10:52]} c4 {[%emt 0:09:13]} 25. Rfd1 {[%emt 0:05:34]} Qe5 {[%emt 0:03:08]} 26. Bf3 {[%emt 0:05:59]} g5 {[%emt 0:01:58]} 27. Ne2 {[%emt 0:01:17]} Bg6 {[%emt 0:01:28]} 28. Qd2 {[%emt 0:05:51]} Rcd7 {[%emt 0:03:31]} 29. Nd4 {[%emt 0:01:35]} Bd3 {[%emt 0:01:06]} 30. Nc6 {[%emt 0:01:46]} Qc7 {[%emt 0:05:14]} 31. Nxd8 {[%emt 0:00:11]} Qxd8 {[%emt 0:00:35]} 32. Be2 {[%emt 0:09:14]} Ba5 {[%emt 0:00:51]} 33. b4 {[%emt 0:00:09]} Bxb4 {[%emt 0:02:00]} 34. Qxb4 {[%emt 0:00:05]} Bxe2 {[%emt 0:00:06]} 35. Rd2 {[%emt 0:02:26]} Bd3 {[%emt 0:00:56]} 36. Rb2 {[%emt 0:00:27]} Kg7 {[%emt 0:01:44]} 37. Qc3 {[%emt 0:00:53]} Qe7 {[%emt 0:05:46]} 38. Rb5 {[%emt 0:01:30]} Qd6 {[%emt 0:06:35]} 39. Qb2 {[%emt 0:01:05]} c3 {[%emt 0:02:16]} 40. Rxc3 {[%emt 0:00:00]} Bxb5 {[%emt 0:00:00]} 41. Qxb5 {[%emt 0:00:11]} Qe6 {[%emt 0:04:18]} 42. Rc6 {[%emt 0:03:29]} Qg4 {[%emt 0:02:17]} 43. Qd3 {[%emt 0:04:24]} Rb7 {[%emt 0:02:47]} 44. Qc2 {[%emt 0:09:21]} Rd7 {[%emt 0:03:56]} 45. Qb1 {[%emt 0:07:27]} Qa4 {[%emt 0:02:44]} 46. Qc2 {[%emt 0:03:07]} Qg4 {[%emt 0:04:01]} 47. Qb3 {[%emt 0:01:32]} Qe2 {[%emt 0:01:15]} 48. Rc1 {[%emt 0:01:55]} Qg4 {[%emt 0:02:23]} 49. Rd1 {[%emt 0:01:09]} Qf5 {[%emt 0:02:26]} 50. Qd3 {[%emt 0:03:35]} Qe6 {[%emt 0:00:45]} 51. Qd4 {[%emt 0:00:16]} Qa6 {[%emt 0:01:49]} 52. e4 {[%emt 0:02:15]} Qxa2 {[%emt 0:01:48]} 53. exd5 {[%emt 0:00:24]} a5 {[%emt 0:00:33]} 54. Re1 {[%emt 0:01:28]} Qxd5 {[%emt 0:00:33]} 55. Re7+ {[%emt 0:00:13]} Rxe7 {[%emt 0:00:58]} 56. Qxd5 {[%emt 0:00:00]} Ra7 {[%emt 0:00:54]} 57. Qc5 {[%emt 0:00:53]} Rd7 {[%emt 0:00:13]} 58. Qxa5 {[%emt 0:00:07]} Rf7 {[%emt 0:00:32]} 59. Qc5 {[%emt 0:00:13]} Kg6 {[%emt 0:00:48]} 60. Qd6 {[%emt 0:00:05]} h6 {[%emt 0:00:53]} 61. Qe6 {[%emt 0:00:05]} Kg7 {[%emt 0:00:23]} 62. Kh2 {[%emt 0:00:10]} Kg6 {[%emt 0:00:12]} 63. Kh3 {[%emt 0:00:06]} h5 {[%emt 0:00:19]} 64. f4 {[%emt 0:01:40]} g4+ {[%emt 0:00:43]} 65. Kh4 {[%emt 0:00:03]} Rg7 {[%emt 0:01:11]} 66. Qe8+ {[%emt 0:00:14]} Rf7 {[%emt 0:00:42]} 67. Qg8+ {[%emt 0:00:11]} Rg7 {[%emt 0:00:10]} 68. f5+ {[%emt 0:00:19]} Kh6 {[%emt 0:00:13]} 69. Qh8+ 1-0

[Event "70th RUS-ch Women Higher League 2020"]
[Site "Sochi"]
[Date "2020.10.11"]
[Round "4.17"]
[White "Salakhova, Adelya"]
[Black "Gorovenko, Darya"]
[Result "0-1"]
[WhiteElo "1885"]
[BlackElo "2120"]
[Annotator "ChessBase"]
[PlyCount "128"]
[EventDate "2020.10.08"]
[EventType "swiss"]
[EventCountry "RUS"]
[SourceTitle "playchess.com"]
[Source "ChessBase"]
[SourceQuality "1"]
[TimeControl "40/5400+30:1800+30"]

1. e4 {[%emt 0:00:00]} c5 {[%emt 0:00:00]} 2. Nf3 {[%emt 0:00:00]} Nc6 {[%emt 0:00:00]} 3. Bb5 {[%emt 0:00:12]} g6 {[%emt 0:00:04]} 4. O-O {[%emt 0:00:47]} Bg7 {[%emt 0:00:10]} 5. Bxc6 {[%emt 0:01:51]} bxc6 {[%emt 0:00:35]} 6. Re1 {[%emt 0:03:29]} d5 {[%emt 0:01:57]} 7. d3 {[%emt 0:06:48]} e6 {[%emt 0:01:28]} 8. Nc3 {[%emt 0:04:37]} Ne7 {[%emt 0:00:57]} 9. Bg5 {[%emt 0:02:56]} Bb7 {[%emt 0:09:33]} 10. Qd2 {[%emt 0:08:28]} h6 {[%emt 0:02:25]} 11. Bf4 {[%emt 0:01:56]} Qb6 {[%emt 0:05:31]} 12. Rab1 {[%emt 0:05:24]} Rd8 {[%emt 0:02:42]} 13. Na4 {[%emt 0:14:10]} Qb5 {[%emt 0:00:29]} 14. b3 {[%emt 0:08:53]} g5 {[%emt 0:03:26]} 15. Bg3 {[%emt 0:06:28]} Ng6 {[%emt 0:04:15]} 16. Qc1 {[%emt 0:11:45]} c4 {[%emt 0:10:46]} 17. exd5 {[%emt 0:03:02]} cxd5 {[%emt 0:00:58]} 18. bxc4 {[%emt 0:01:37]} Qxa4 {[%emt 0:00:51]} 19. Rxb7 {[%emt 0:00:13]} Qa6 {[%emt 0:00:10]} 20. Qb1 {[%emt 0:03:02]} dxc4 {[%emt 0:00:27]} 21. dxc4 {[%emt 0:02:13]} Qxc4 {[%emt 0:00:31]} 22. Rxa7 {[%emt 0:04:57]} O-O {[%emt 0:02:01]} 23. Qb3 {[%emt 0:00:16]} Rc8 {[%emt 0:03:35]} 24. Qb7 {[%emt 0:01:40]} g4 {[%emt 0:05:36]} 25. Nh4 {[%emt 0:01:31]} Qxc2 {[%emt 0:00:56]} 26. Nxg6 {[%emt 0:00:24]} Qxg6 {[%emt 0:00:06]} 27. a4 {[%emt 0:02:02]} Bd4 {[%emt 0:02:10]} 28. Ra6 {[%emt 0:00:28]} Qd3 {[%emt 0:02:24]} 29. Rc6 {[%emt 0:01:20]} Qd2 {[%emt 0:06:39]} 30. Rf1 {[%emt 0:00:05]} Ra8 {[%emt 0:00:45]} 31. Qb5 {[%emt 0:00:28]} Ra5 {[%emt 0:03:00]} 32. Qc4 {[%emt 0:00:59]} Rfa8 {[%emt 0:01:25]} 33. Rc8+ {[%emt 0:00:26]} Rxc8 {[%emt 0:00:06]} 34. Qxc8+ {[%emt 0:00:02]} Kg7 {[%emt 0:00:05]} 35. Bd6 {[%emt 0:01:06]} Bxf2+ {[%emt 0:03:15]} 36. Rxf2 {[%emt 0:00:01]} Qxd6 {[%emt 0:00:09]} 37. Qb7 {[%emt 0:00:44]} Qd1+ {[%emt 0:00:43]} 38. Rf1 {[%emt 0:00:03]} Qd4+ {[%emt 0:00:10]} 39. Rf2 {[%emt 0:00:59]} Ra7 {[%emt 0:01:50]} 40. Qb2 {[%emt 0:00:00]} Qxb2 {[%emt 0:00:00]} 41. Rxb2 {[%emt 0:02:51]} Rxa4 {[%emt 0:00:28]} 42. Kf2 {[%emt 0:00:15]} Ra3 {[%emt 0:00:23]} 43. Rb5 {[%emt 0:00:35]} Kg6 {[%emt 0:00:55]} 44. Re5 {[%emt 0:00:14]} h5 {[%emt 0:01:40]} 45. g3 {[%emt 0:02:53]} Rf3+ {[%emt 0:00:17]} 46. Ke2 {[%emt 0:00:57]} Rf5 {[%emt 0:00:06]} 47. Re3 {[%emt 0:00:20]} Kg5 {[%emt 0:00:13]} 48. Re4 {[%emt 0:00:56]} h4 {[%emt 0:01:44]} 49. h3 {[%emt 0:00:22]} gxh3 {[%emt 0:00:04]} 50. Rxh4 {[%emt 0:00:06]} h2 {[%emt 0:00:12]} 51. Rxh2 {[%emt 0:00:38]} Kg4 {[%emt 0:00:04]} 52. Rg2 {[%emt 0:01:04]} Ra5 {[%emt 0:01:37]} 53. Rg1 {[%emt 0:02:01]} Ra3 {[%emt 0:01:50]} 54. Kf2 {[%emt 0:00:14]} Rf3+ {[%emt 0:00:18]} 55. Ke2 {[%emt 0:00:50]} Rxg3 {[%emt 0:00:35]} 56. Ra1 {[%emt 0:01:32]} Kf5 {[%emt 0:01:51]} 57. Rf1+ {[%emt 0:01:49]} Kg6 {[%emt 0:00:06]} 58. Ra1 {[%emt 0:01:09]} f5 {[%emt 0:00:13]} 59. Ra8 {[%emt 0:00:29]} Kf6 {[%emt 0:00:09]} 60. Ra6 {[%emt 0:00:19]} f4 {[%emt 0:00:08]} 61. Kf2 {[%emt 0:00:49]} Rb3 {[%emt 0:00:22]} 62. Ra8 {[%emt 0:00:47]} Kf5 {[%emt 0:00:11]} 63. Re8 {[%emt 0:00:53]} e5 {[%emt 0:00:05]} 64. Ra8 {[%emt 0:00:17]} Rb2+ {[%emt 0:00:07]} 0-1

[Event "70th RUS-ch Women Higher League 2020"]
[Site "Sochi"]
[Date "2020.10.11"]
[Round "4.18"]
[White "Garmash, Aliona"]
[Black "Makarova, Olga"]
[Result "1-0"]
[WhiteElo "2093"]
[BlackElo "1875"]
[Annotator "ChessBase"]
[PlyCount "71"]
[EventDate "2020.10.08"]
[EventType "swiss"]
[EventCountry "RUS"]
[SourceTitle "playchess.com"]
[Source "ChessBase"]
[SourceQuality "1"]
[TimeControl "40/5400+30:1800+30"]

1. d4 {[%emt 0:00:00]} d5 {[%emt 0:00:00]} 2. Nf3 {[%emt 0:00:00]} Nf6 {[%emt 0:00:00]} 3. c4 {[%emt 0:00:00]} e6 {[%emt 0:00:00]} 4. Nc3 {[%emt 0:00:00]} Be7 {[%emt 0:00:00]} 5. Bf4 {[%emt 0:00:05]} O-O {[%emt 0:00:07]} 6. e3 {[%emt 0:00:16]} Nbd7 {[%emt 0:00:11]} 7. h3 {[%emt 0:01:56]} c5 {[%emt 0:03:34]} 8. Bd3 {[%emt 0:12:58]} dxc4 {[%emt 0:02:09]} 9. Bxc4 {[%emt 0:00:06]} a6 {[%emt 0:00:27]} 10. a4 {[%emt 0:06:40]} Qa5 {[%emt 0:11:24]} 11. O-O {[%emt 0:02:35]} cxd4 {[%emt 0:06:21]} 12. exd4 {[%emt 0:05:54]} Nb6 {[%emt 0:01:12]} 13. Bd3 {[%emt 0:01:13]} Nbd5 {[%emt 0:01:21]} 14. Bd2 {[%emt 0:01:15]} Bd7 {[%emt 0:15:26]} 15. Ne5 {[%emt 0:04:09]} Rfd8 {[%emt 0:04:58]} 16. Nb5 {[%emt 0:09:37]} Qb6 {[%emt 0:10:49]} 17. a5 {[%emt 0:00:33]} Qxb5 {[%emt 0:00:13]} 18. Bxb5 {[%emt 0:00:05]} Bxb5 {[%emt 0:00:04]} 19. Re1 {[%emt 0:00:31]} Nb4 {[%emt 0:00:48]} 20. Bc3 {[%emt 0:08:42]} Rac8 {[%emt 0:01:22]} 21. Re3 {[%emt 0:07:52]} Nbd5 {[%emt 0:04:11]} 22. Rf3 {[%emt 0:00:55]} Rc7 {[%emt 0:01:40]} 23. Rc1 {[%emt 0:02:34]} Rdc8 {[%emt 0:01:34]} 24. Bd2 {[%emt 0:02:43]} Bf8 {[%emt 0:04:28]} 25. Rxc7 {[%emt 0:00:25]} Rxc7 {[%emt 0:00:02]} 26. Qe1 {[%emt 0:09:29]} Rc2 {[%emt 0:05:15]} 27. g4 {[%emt 0:02:18]} h6 {[%emt 0:02:31]} 28. h4 {[%emt 0:01:27]} Bd6 {[%emt 0:01:37]} 29. g5 {[%emt 0:02:09]} hxg5 {[%emt 0:00:45]} 30. hxg5 {[%emt 0:00:11]} Ne4 {[%emt 0:00:21]} 31. Qxe4 {[%emt 0:00:52]} Rxd2 {[%emt 0:00:05]} 32. g6 {[%emt 0:03:18]} Rd1+ {[%emt 0:03:17]} 33. Kh2 {[%emt 0:02:00]} f5 {[%emt 0:02:25]} 34. Qh4 {[%emt 0:01:43]} Nf6 {[%emt 0:00:22]} 35. Rc3 {[%emt 0:01:45]} Ng4+ {[%emt 0:12:09]} 36. Kg2 {[%emt 0:00:15]} 1-0

[Event "70th RUS-ch Women Higher League 2020"]
[Site "Sochi"]
[Date "2020.10.12"]
[Round "5.1"]
[White "Gunina, Valentina"]
[Black "Garifullina, Leya"]
[Result "0-1"]
[WhiteElo "2431"]
[BlackElo "2335"]
[Annotator "TA"]
[PlyCount "78"]
[EventDate "2020.10.08"]
[EventType "swiss"]
[EventCountry "RUS"]
[SourceTitle "playchess.com"]
[Source "ChessBase"]
[SourceQuality "1"]

{[%evp 9,78,33,50,43,43,0,8,19,20,17,12,-12,16,20,21,29,35,30,38,29,33,29,29,29,29,31,69,25,39,38,32,26,44,34,31,22,42,35,21,12,14,14,20,8,12,0,0,0,0,-24,-11,-25,-25,-30,-37,-114,-109,-277,-277,-260,-249,-469,-404,-665,-632,-757,-752,-742,-695,-560,-551]} 1. e4 c5 2. Nc3 d6 3. d4 cxd4 4. Qxd4 Nf6 5. Bg5 Nc6 {[#]} 6. Qe3 $146 {B23: Closed Sicilian: Lines without g3.} ({Predecessor:} 6. Qd2 h6 7. Bxf6 gxf6 8. O-O-O Bg7 9. Bd3 Qa5 10. Kb1 f5 11. Nd5 Qxd2 12. Rxd2 fxe4 13. Bxe4 {0-1 (54) Predke,A (2632)-Sarana,A (2641) Yaroslavl 2019}) 6... Ng4 7. Qd2 h6 8. Bh4 {The position is equal.} g5 9. Bg3 Bg7 10. Bd3 Be6 11. Nge2 Qb6 12. O-O a6 13. Nd5 Bxd5 $1 14. exd5 Nce5 {[%cal Bc6e5,Be5c4,Bc4b2,Bb2d3,Bd3c5][%mdl 32]} 15. Bf5 Nc4 $1 {[%cal Rc4d2]} 16. Qd3 Nxb2 17. Rab1 h5 18. Bxg4 Nxd3 19. Rxb6 {[#] Bf5 is the strong threat.} Nc5 $1 20. Bf5 h4 21. Bxd6 exd6 22. Rxd6 Rd8 23. Rxd8+ Kxd8 24. f4 gxf4 25. Rxf4 Be5 26. Rf3 Ke7 27. Bg4 Rd8 28. c4 b5 29. Rf5 f6 30. cxb5 axb5 {[%cal Ba6b5,Bb5b4][%mdl 32]} 31. Bf3 Kd6 32. Nf4 (32. Rh5 $15) 32... Ra8 $17 33. Ng6 $2 {[#] This costs White the game.} (33. Nh5 $17 {keeps fighting.}) 33... Bd4+ $1 $19 ({Less strong is} 33... Rxa2 34. Nxe5 fxe5 35. Rf6+ Ke7 36. Rb6 $15) 34. Kf1 Rxa2 35. Bd1 $2 (35. Bh5 {is a better defense.}) 35... b4 36. Rf4 (36. Rf3 $142 h3 37. Rxh3) 36... Rd2 {Black is clearly winning.} 37. Ke1 Bc3 {Hoping for ...Nd3+.} 38. Rxf6+ Kxd5 ({Weaker is} 38... Bxf6 39. Kxd2 b3 40. Kc1 $15) 39. Bf3+ Kc4 {Accuracy: White = 62%, Black = 93%.} 0-1

[Event "70th RUS-ch Women Higher League 2020"]
[Site "Sochi"]
[Date "2020.10.12"]
[Round "5.2"]
[White "Goltseva, Ekaterina"]
[Black "Kovalevskaya, Ekaterina"]
[Result "1/2-1/2"]
[WhiteElo "2294"]
[BlackElo "2384"]
[Annotator "TA"]
[PlyCount "133"]
[EventDate "2020.10.08"]
[EventType "swiss"]
[EventCountry "RUS"]
[SourceTitle "playchess.com"]
[Source "ChessBase"]
[SourceQuality "1"]

{[%evp 17,133,30,15,0,8,6,37,0,0,0,9,0,-2,-10,0,0,0,-37,-42,-41,-49,-101,-17,-28,-20,-96,-47,-40,-48,-28,0,0,33,29,33,23,34,-18,-8,-9,-9,-31,-51,-23,14,22,48,16,30,32,21,0,82,78,91,88,92,76,65,57,88,72,106,58,59,20,20,21,19,0,22,11,25,0,35,0,23,0,108,2,35,0,91,0,73,0,0,0,0,-45,-38,-38,0,-75,0,-72,-72,-90,-72,-72,-72,-72,-92,-74,-49,-41,-54,-58,-10,-10,-10,-13,-13,-13,0,0,0,0]} 1. d4 d5 2. c4 e6 3. Nf3 c5 4. cxd5 exd5 5. g3 Nc6 6. Bg2 Nf6 7. O-O Be7 8. Be3 c4 9. Ne5 O-O 10. b3 {D30: Queen's Gambit Declined: Systems without Nc3.} cxb3 $1 11. Qxb3 Na5 12. Qa4 {White is slightly better.} Be6 13. Bd2 Nc4 14. Nxc4 dxc4 15. e3 Rb8 $36 {[%mdl 2048] Black has some pressure.} 16. Qxa7 b5 17. Ba5 Qe8 $1 {[%mdl 1024] Black has compensation.} 18. Bc7 Rc8 19. Nc3 (19. Ba5 $15) 19... Qd7 (19... b4 $17 20. d5 Bf5) 20. Bb6 $11 b4 21. Ne4 (21. Na4 $11) 21... Nxe4 22. Qxd7 Bxd7 23. Bxe4 Rb8 24. Bc7 {Threatens to win with Rfc1.} Rb5 25. Rfc1 c3 {White must now prevent ...Rc8.} 26. d5 Re8 {next ...Bf6 is good for Black.} 27. Bg2 (27. d6 $14 Bf6 28. Bd3) 27... Bf6 {Strongly threatening ...c2!} 28. Rab1 $1 Ra8 29. Rc2 Ra7 30. Bd6 Ra4 31. e4 Bd4 32. Bf1 Rb6 33. Bc7 Rb7 34. Bd6 g6 (34... Rb6 $11 35. Rd1 b3 36. axb3 Rxb3) 35. Bc4 $16 Bg4 36. Kg2 $1 h5 37. f4 {And now f5! would win.} Bd7 38. Rd1 Bg7 39. Bb3 Ra5 40. h3 Bf8 41. Bxf8 (41. Be5 {keeps more tension.} Bc5 42. Bd4 Bxd4 43. Rxd4 Kf8 44. e5) 41... Kxf8 42. e5 Ke8 43. Re2 Bb5 44. Rf2 Bd7 45. Re2 Bb5 46. Rf2 Bd7 47. Re1 Bf5 (47... Rbb5 $11) 48. Rfe2 ({White should play} 48. g4 $1 $16 {[%cal Rg4f5]} hxg4 49. hxg4 Bxg4 50. Kg3) 48... Bd3 49. Rf2 (49. Re3 $14 Bf5 50. Rh1) 49... Bf5 50. Kh2 ({Better is} 50. g4 $1 $16 {[%cal Rg4f5]} hxg4 51. hxg4 Bxg4 52. Kg3) 50... Rc5 {[#]} (50... Rbb5 $11 {remains equal.}) 51. Rg2 (51. g4 $1 $16 {[%cal Rg4f5]} hxg4 52. hxg4 Bxg4 53. Kg3) 51... Bd3 $11 52. d6 Bc4 53. Bxc4 Rxc4 {[%mdl 4096] Endgame KRR-KRR} 54. Rc2 Rb5 55. Rd1 $1 {[#]} h4 (55... Rcc5 $1 $17) 56. Re2 (56. gxh4 $11 Rxf4 57. a3) 56... Kd7 $17 57. Kg2 Ra5 {...c2 is the strong threat.} 58. Rc2 hxg3 59. Kxg3 {[#]} g5 $1 {[%mdl 512]} 60. Rf1 (60. fxg5 Rxe5) 60... Rxf4 61. Rxf4 gxf4+ 62. Kxf4 {KR-KR} Ke6 (62... Rd5 $5 {[%cal Rd5d2]} 63. a3 bxa3 64. Rxc3 Ra5 65. Rc7+ Ke8 $11) 63. h4 $1 {The position is equal.} Rxe5 {[#]} 64. d7 $1 {[%mdl 512]} Rd5 {[#]} (64... Kxd7 65. Kxe5) 65. a3 $1 {[%mdl 512]} bxa3 66. Rxc3 Rxd7 {Hoping for ...Rd4+.} 67. Rxa3 {Accuracy: White = 76%, Black = 73%.} 1/2-1/2

[Event "70th RUS-ch Women Higher League 2020"]
[Site "Sochi"]
[Date "2020.10.12"]
[Round "5.3"]
[White "Guseva, Marina"]
[Black "Schepetkova, Margarita"]
[Result "1-0"]
[WhiteElo "2377"]
[BlackElo "2257"]
[Annotator "TA"]
[PlyCount "99"]
[EventDate "2020.10.08"]
[EventType "swiss"]
[EventCountry "RUS"]
[SourceTitle "playchess.com"]
[Source "ChessBase"]
[SourceQuality "1"]

{[%evp 15,99,33,35,13,17,26,11,19,16,14,18,0,4,0,0,0,0,0,0,0,0,0,21,13,12,19,19,14,18,18,23,17,16,20,26,21,25,25,18,22,45,10,9,9,9,23,59,28,22,22,216,243,231,220,391,211,360,336,319,323,5714,4711,12838,12839,12838,12838,12841,12838,12840,12840,12842,12841,29975,29978,12844,12843,29981,12846,29986,29987,29986,12847,12849,12849,12850,12850]} 1. d4 Nf6 2. c4 e6 3. Nf3 b6 4. a3 Ba6 5. Qc2 Bb7 6. Nc3 c5 7. e4 cxd4 8. Nxd4 Bc5 9. Nf3 {E12: Queen's Indian: Unusual White 4th moves, 4 a3, 4 Nc3 Bb7 5 a3 and 4 Nc3 Bb7 .} Ng4 10. Bg5 f6 11. Bh4 {The position is equal.} Nc6 12. Be2 O-O {[#]} 13. h3 $146 ({Predecessor:} 13. O-O Rc8 14. Rad1 a6 15. Rd2 Qc7 16. Rfd1 Rfd8 17. b4 Bf8 18. Bg3 Nge5 19. Nd4 {1-0 (58) Karthik,V (2499)-Yakubboev,N (2587) Xingtai 2019}) 13... Nge5 14. Nxe5 Nxe5 15. O-O Ng6 16. Bg3 f5 17. exf5 exf5 18. b4 $1 {[%cal Rb4c5]} Bd4 19. Rad1 Bxc3 $1 20. Qxc3 f4 21. Bg4 Rf7 22. Bh2 Qg5 23. Bf3 Bxf3 24. Qxf3 Re8 25. Rfe1 Rxe1+ 26. Rxe1 h6 27. Kh1 a5 28. Re8+ Kh7 $1 29. Qd3 axb4 30. axb4 f3 31. gxf3 Qh5 32. f4 Rf5 $2 {[#] Black cannot hold the game after this.} (32... Qf5 $11 {and Black has nothing to worry.} 33. Qxf5 Rxf5) 33. Rd8 $18 Rf7 34. Kg2 b5 $2 (34... Qf5 35. Qxf5 Rxf5) 35. cxb5 (35. c5 $142) 35... Rf5 (35... Qf5 $142 36. Qxf5 Rxf5) 36. Bg3 {[#] b6 is the strong threat.} Rxb5 37. Rxd7 {Threatens to win with Qc3.} Rb6 $2 (37... Qf5 38. Qxf5 Rxf5) 38. Qd4 {[%csl Gd7][%cal Rd4g7]} Nxf4+ 39. Bxf4 {[%csl Gd7][%cal Rd4g7]} Rg6+ 40. Bg3 Qb5 41. Rd6 Rxd6 42. Qxd6 h5 43. Qc5 Qe2 44. Qf5+ Kg8 45. b5 {[%cal Bb4b5,Bb5b6][%mdl 32]} Qe8 46. Qd5+ Kh8 47. b6 h4 48. Bxh4 (48. Bd6 $142 Qg6+ 49. Kh2 Qf6 50. b7 Qxf2+ 51. Qg2 Qxg2+ 52. Kxg2 Kg8 53. b8=Q+ Kf7 54. Qc8) 48... Qg6+ 49. Bg5 Qxb6 50. Qd8+ {Accuracy: White = 83%, Black = 61%.} 1-0